Statistics for Most Overpopulated Countries

Click here to take the quiz!

General Stats

  • This quiz has been taken 26,519 times
    (26,436 since last reset)
  • The average score is 15 of 20

Answer Stats

PeopleCountry% Correct
885 milChina
99%
1221 milIndia
99%
166 milIndonesia
87%
103 milJapan
87%
159 milBangladesh
84%
177 milPakistan
83%
54.2 milUnited Kingdom
82%
162 milNigeria
81%
29.7 milFrance
79%
63.1 milGermany
79%
79.4 milVietnam
74%
45.4 milSouth Korea
73%
46.6 milEgypt
72%
39.6 milThailand
72%
42.3 milItaly
71%
94.8 milPhilippines
68%
39.5 milTurkey
64%
55.1 milEthiopia
60%
21.7 milTaiwan
53%
34.4 milUganda
31%

Score Distribution

Percentile by Number Answered

Percent of People with Each Score

Your Score History

You have not taken this quiz since the last reset